Las cuatro trayectorias laborales de las madres en España : (Record no. 215475)

MARC details
000 -CABECERA
campo de control de longitud fija 01937nab a2200277 ab4500
005 - FECHA Y HORA DE LA ÚLTIMA TRANSACCIÓN
campo de control 20260630141638.0
008 - ELEMENTOS DE LONGITUD FIJA--INFORMACIÓN GENERAL
campo de control de longitud fija 260604b2025 sp tr poo| 0 0 spa d
003 - IDENTIFICADOR DEL NÚMERO DE CONTROL
campo de control
040 ## - FUENTE DE LA CATALOGACIÓN
Centro catalogador/agencia de origen MX-MxUPN
Lengua de catalogación spa
Centro/agencia transcriptor MX-MxUPN
Normas de descripción aacr2
100 1# - ASIENTO PRINCIPAL--NOMBRE PERSONAL
Nombre de persona Bogino, Victoria
9 (RLIN) 60157
100 1# - ASIENTO PRINCIPAL--NOMBRE PERSONAL
Nombre de persona Jurado Guerrero, Teresa
9 (RLIN) 60158
245 14 - MENCIÓN DE TÍTULO
Título Las cuatro trayectorias laborales de las madres en España :
Resto del título diferencias por clase social y uso de los permisos parentales
Medio [recurso electrónico en línea]
506 0# - NOTA DE RESTRICCIONES AL ACCESO
Limitaciones de acceso Acceso abierto
520 3# - NOTA DE RESUMEN, ETC.
Sumario, etc. Este artículo analiza las trayectorias laborales de las cohortes de madres de 1968-1978, los factores que influyen en su vinculación laboral durante la formación familiar y en su ocupación hacia el final de la etapa fértil. La Encuesta de Fecundidad de 2018 permite realizar un análisis de secuencias que revisa los hallazgos previos de la polarización de las mujeres en España y arroja cuatro tipos de trayectorias laborales: vinculación segura, incierta, intermitente y desvinculación. Al poder incluir las características de la pareja en los modelos de regresión, observamos una estratificación social de esas trayectorias según el nivel educativo y un emparejamiento homógamo, que producen un efecto cicatriz de clase social. El mayor acceso al permiso de maternidad no evita este efecto, pero disminuye la probabilidad de tener trayectorias laborales intermitentes.
Fuente proveedora REIS
653 ## - TERMINO DE INDIZACION - NO CONTROLADO
Término no controlado Trayectorias laborales
650 #2 - ASIENTO SECUNDARIO DE MATERIA - TERMINO TEMATICO
Término de materia o nombre geográfico como elemento de entrada Maternidad
9 (RLIN) 14890
650 #2 - ASIENTO SECUNDARIO DE MATERIA - TERMINO TEMATICO
Término de materia o nombre geográfico como elemento de entrada Estratificación social
9 (RLIN) 6923
653 #4 - TERMINO DE INDIZACION - NO CONTROLADO
Término no controlado Permisos parentales
653 ## - TERMINO DE INDIZACION - NO CONTROLADO
Término no controlado Conciliación
653 ## - TERMINO DE INDIZACION - NO CONTROLADO
Término no controlado Análisis de secuencias
773 ## - ENLACE AL DOCUMENTO FUENTE/ENTRADA DE REGISTRO ANFITRIÓN
Parte(s) relacionada(s) No. 192 (2025), p. 67-86
Título REIS: revista española de investigaciones sociológicas
Número Internacional Normalizado para Publicaciones Seriadas 1988-5903
856 4# - LOCALIZACIÓN Y ACCESO ELECTRÓNICOS
Identificador Uniforme del Recurso <a href="https://reis.cis.es/index.php/reis/article/view/2412">https://reis.cis.es/index.php/reis/article/view/2412</a>
856 4# - LOCALIZACIÓN Y ACCESO ELECTRÓNICOS
Identificador Uniforme del Recurso <a href="https://reis.cis.es/index.php/reis/article/view/2412/2975">https://reis.cis.es/index.php/reis/article/view/2412/2975</a>
902 ## - ELEMENTOS DE DATOS B LOCAL, LDB (RLIN)
Creó Leonor Sotres/300626
942 ## - ELEMENTOS DE PUNTO DE ACCESO ADICIONAL (KOHA)
Tipo de ítem Koha Artículo Electrónico
Holdings
Estado de retiro Estado de pérdida Estado dañado No para préstamo Código de colección Localización permanente Ubicación/localización actual Ubicación en estantería Fecha de adquisición Total de préstamos Fecha visto por última vez Identificador Uniforme del Recurso Precio válido a partir de Tipo de ítem Koha
        Acceso abierto Bib. Gregorio Torres Quintero Bib. Gregorio Torres Quintero En línea 30/06/2026   30/06/2026 https://reis.cis.es/index.php/reis/article/view/2412/2975 30/06/2026 Artículo Electrónico